Historia de Carlos IV / (Record no. 160417)

MARC details
000 -LEADER
campo de control de longitud fija 00876nam a2200229 i 4500
001 - NÚMERO DE CONTROL
campo de control 160417
003 - IDENTIFICADOR DE NÚMERO DE CONTROL
campo de control ES-MaACL
005 - FECHA Y HORA DE LA ÚLTIMA TRANSACCIÓN
campo de control 20250808005709.0
008 - DATOS DE LONGITUD FIJA--INFORMACIÓN GENERAL
campo de control de longitud fija 950103m18931894sp |||| | spa d
040 ## - FUENTE DE CATALOGACIÓN
Centro catalogador/agencia de origen EUS
Lengua de catalogación spa
Centro/agencia transcriptor EUS
Centro/agencia modificador CCPB
100 1# - ENTRADA PRINCIPAL--NOMBRE DE PERSONA
Nombre de persona Muriel, Andrés.
9 (RLIN) 130292
245 10 - MENCIÓN DEL TÍTULO
Título Historia de Carlos IV /
Mención de responsabilidad, etc. por Andrés Muriel.
260 ## - PUBLICACIÓN, DISTRIBUCIÓN, ETC.
Lugar de publicación, distribución, etc. Madrid :
Nombre del editor, distribuidor, etc. Real Academia de la Historia,
Fecha de publicación, distribución, etc. 1893-1894 (
Fabricante Imprenta y fundición de Manuel Tello, impresor de Cámara de S.M.)
300 ## - DESCRIPCIÓN FÍSICA
Extensión 6 v. ;
Dimensiones 23 cm.
490 1# - MENCIÓN DE SERIE
Mención de serie Memorial histórico español ;
Designación de volumen o secuencia 29-34
597 ## - NOTA DE DESCRIPCIÓN FÍSICA
NOTA DE DESCRIPCIÓN FÍSICA Vol. I (VIII, 289 p.) -- vol. IV (203 p.)
600 04 - PUNTO DE ACCESO ADICIONAL DE MATERIA--NOMBRE DE PERSONA
Nombre de persona Carlos
Numeración IV,
Títulos y otros términos asociados al nombre Rey de España
9 (RLIN) 35307
651 #4 - PUNTO DE ACCESO ADICIONAL DE MATERIA--NOMBRE GEOGRÁFICO
Nombre geográfico España-
Subdivisión general Historia-
Subdivisión cronológica 1788-1808, Carlos IV.
9 (RLIN) 8242
830 00 - PUNTO DE ACCESO ADICIONAL DE SERIE-TÍTULO UNIFORME
Título uniforme Memorial histórico español
Designación de volumen o secuencia 29-34
9 (RLIN) 187759
852 ## - LOCALIZACIÓN
Ubicación ES-MaACL
Número de control de estantería C-19334-39
Nota libre -- Enc. hol.
Holdings
Estatus retirado Estado de pérdida Estado de daño No para préstamo Colección Biblioteca de origen Biblioteca actual Ubicación en estantería Fecha de adquisición Fuente de adquisición Total de préstamos Signatura topográfica completa Código de barras Visto por última vez Precio de reemplazo Tipo de ítem Koha
        Libros del s. XIX Biblioteca del Ateneo de Madrid Biblioteca del Ateneo de Madrid Mesetón 17/01/2008     C-19334-39 1167969 23/02/2023 23/02/2023 Libro impreso antiguo